000
00284nam a22001337a 4500
008
171018b xxu||||| |||| 00| 0 eng d
020
_a
9781439042304
041
_a
eng
080
_a
338
100
_a
53
101
_a
MNG
245
_a
STRATEGIC MANAGEMENT
_c
HITT
942
_2
udc
_c
BK
999
_c
34539
_d
34539